| 000 | 00797nam a22002297a 4500 | ||
|---|---|---|---|
| 999 |
_c7809 _d7809 |
||
| 005 | 20231031135411.0 | ||
| 008 | 231031b ||||| |||| 00| 0 eng d | ||
| 020 | _a9788419734044 | ||
| 040 | _aCDMR | ||
| 100 | 1 |
_9827 _aPla, Josep _d1897-1981 |
|
| 245 |
_aLa inflació alemanya _b: cròniques a La Publicitat (agost 1923 - març 1924) _c/ Josep Pla ; selecció i edició de Xavier Pla ; pròleg de Josep M. Fradera |
||
| 260 |
_aBarcelona : _bDestino, _c2023 |
||
| 300 | _a340 p. | ||
| 490 |
_aL'Àncora _v; 286 |
||
| 600 | 1 | 0 |
_9827 _aPla, Josep _d(1897-1981) |
| 630 | 0 |
_94903 _aLa Publicitat (Diari) |
|
| 650 | 0 |
_93172 _aPeriodisme _zCatalunya _y1923-1924 |
|
| 650 | 0 |
_94 _aPeriodistes catalans _yS. XX |
|
| 700 | 1 |
_93655 _aPla, Xavier |
|
| 700 |
_94902 _aFradera, Josep M. |
||
| 942 |
_2udc _cMON |
||